000 00395nam a2200133Ia 4500
005 20260326100030.0
008 260326s9999||||xx |||||||||||||| ||und||
100 _aGarcía Inyesta, Neus
245 0 _aCases de pagès a la zona de S'Alqueria Blanca /
_cNeus García Inyesta
260 _bColegio Oficial de Arquitectos de Balear
300 _a107 p.
650 _aVIVIENDA ECONÓMICA
942 _cBK
999 _c6565
_d6565